21st century estate agency (Record no. 104128)
[ view plain ]
| 000 -LEADER | |
|---|---|
| fixed length control field | 01076cam a2200217 4500 |
| 001 - CONTROL NUMBER | |
| control field | L129212 |
| 008 - FIXED-LENGTH DATA ELEMENTS--GENERAL INFORMATION | |
| fixed length control field | 050401n2005 000 0 eng u |
| 020 ## - INTERNATIONAL STANDARD BOOK NUMBER | |
| International Standard Book Number | 0728204592 |
| 035 ## - SYSTEM CONTROL NUMBER | |
| System control number | (Sirsi) u129212 |
| 041 ## - LANGUAGE CODE | |
| Language code of text/sound track or separate title | eng |
| 050 ## - LIBRARY OF CONGRESS CALL NUMBER | |
| Classification number | 333.33 |
| -- | 18 |
| 100 ## - MAIN ENTRY--PERSONAL NAME | |
| Personal name | Norward, Graham |
| 245 ## - TITLE STATEMENT | |
| Title | 21st century estate agency |
| 260 ## - PUBLICATION, DISTRIBUTION, ETC. | |
| Place of publication, distribution, etc. | London |
| Name of publisher, distributor, etc. | Estates Gazette |
| Date of publication, distribution, etc. | 2005 |
| 300 ## - PHYSICAL DESCRIPTION | |
| Extent | ix,165p. |
| Dimensions | 22cm |
| 350 ## - PRICE (NR) (BK AM CF MU VM SE) [OBSOLETE] | |
| Price | 20.00 |
| 520 ## - SUMMARY, ETC. | |
| Summary, etc. | Illustrates how new technology and working practices can revolutionise the UK estate agency industry, both improving image and increasing profits. Examines how estate agents in the USA and Australia benefit from using the full spectrum of IT innovations and looks at what is available in the UK. Provides case studies of adventurous UK property pioneers and considers the future potential of IT property market applications - e-everything. Concludes with details of hardware, software and training providers and Internet resources. |
| 590 ## - LOCAL NOTE (RLIN) | |
| Local note | IKA150405 |
| 690 ## - LOCAL SUBJECT ADDED ENTRY--TOPICAL TERM (OCLC, RLIN) | |
| Topical term or geographic name as entry element | PROPERTY-RESIDENTIAL PROPERTY-RESIDENTIAL PROPERTY AGENCY |
| 942 ## - ADDED ENTRY ELEMENTS (KOHA) | |
| Suppress in OPAC | 0 |
| Withdrawn status | Lost status | Source of classification or shelving scheme | Damaged status | Not for loan | Home library | Current library | Shelving location | Date acquired | Total Checkouts | Full call number | Barcode | Date last seen | Date last checked out | Copy number | Price effective from | Koha item type |
|---|---|---|---|---|---|---|---|---|---|---|---|---|---|---|---|---|
| Dewey Decimal Classification | London | London | Books | 12/04/2005 | 22 | 333.33 NOR | 30061963 | 06/08/2019 | 03/08/2009 | 1 | 06/08/2019 | Book |